[Event "World Rapid 2015"]
[Site "Berlin GER"]
[Date "2015.10.12"]
[Round "12.75"]
[White "Carstensen, Jacob"]
[Black "Polzin, Rainer"]
[Result "0-1"]
[WhiteElo "2352"]
[BlackElo "2416"]
[PlyCount "102"]
[EventDate "2015.10.10"]
[EventType "rapid"]

1. d4 Nf6 2. c4 g6 3. Nc3 Bg7 4. e4 d6 5. Nf3 O-O 6. Be2 Na6 7. O-O e5 8. Be3
Ng4 9. Bg5 Qe8 10. h3 h6 11. Bh4 Nf6 12. dxe5 dxe5 13. Ne1 Nc5 14. Bxf6 Bxf6
15. Nd3 Nxd3 16. Qxd3 c6 17. Rad1 Qe7 18. b3 Be6 19. Bg4 Bxg4 20. hxg4 Kg7 21.
g3 Rfd8 22. Qf3 Rd4 23. Ne2 Rxd1 24. Rxd1 Rd8 25. Rxd8 Qxd8 26. Qe3 Qd1+ 27.
Kg2 Qc2 28. a4 Bg5 29. f4 exf4 30. gxf4 Bxf4 31. Qd4+ Kh7 32. Kf3 Bg5 33. Qxa7
Qxb3+ 34. Kf2 Bh4+ 35. Kg2 Qxc4 36. Qe3 Qxa4 37. Nd4 Bg5 38. Qf2 Kg7 39. Kf3
Bf6 40. Ne2 Be5 41. Qc5 Qb3+ 42. Kg2 Qe6 43. Kf3 h5 44. gxh5 Qh3+ 45. Kf2 Qxh5
46. Qb6 Qh4+ 47. Kf3 Qh3+ 48. Kf2 Qd7 49. Kf3 Qe7 50. Ke3 c5 51. Kd3 Qd6+ 0-1

[Event "World Rapid 2015"]
[Site "Berlin GER"]
[Date "2015.10.12"]
[Round "12.76"]
[White "Camacho Collados, Jose"]
[Black "Osmanodja, Filiz"]
[Result "1-0"]
[WhiteElo "2383"]
[BlackElo "2291"]
[PlyCount "115"]
[EventDate "2015.10.10"]
[EventType "rapid"]

1. Nf3 Nf6 2. g3 b5 3. Bg2 Bb7 4. O-O e6 5. d3 d5 6. e4 dxe4 7. Ng5 Be7 8. Nc3
a6 9. a4 b4 10. Ncxe4 Nd5 11. Qh5 g6 12. Qh6 Bf8 13. Qh3 h6 14. Re1 Bg7 15.
Nxe6 fxe6 16. Qxe6+ Qe7 17. Qxg6+ Kf8 18. Bd2 Qf7 19. Qg4 Nd7 20. Nc5 Nxc5 21.
Bxb4 Nxb4 22. Qxb4 Bxg2 23. Qxc5+ Kg8 24. Kxg2 Rf8 25. Re4 Qf3+ 26. Kg1 Rf5 27.
Qc4+ Kh7 28. Rf1 c5 29. Qxa6 Rhf8 30. c3 Rh5 31. Qc4 Qf5 32. Rg4 Bd4 33. h3
Rxh3 34. Rf4 Qxf4 35. gxf4 Rxf4 36. Kg2 Rh5 37. cxd4 Rg5+ 38. Kh3 Rf3+ 39. Kh2
Rf4 40. Qe6 Rh4+ 41. Qh3 Rgh5 42. Qxh4 Rxh4+ 43. Kg3 Rxd4 44. Rc1 Rxd3+ 45. f3
Rd4 46. a5 c4 47. a6 Rd6 48. Ra1 Rd8 49. Kf4 Kg6 50. a7 Ra8 51. Ra5 Rf8+ 52.
Ke4 Ra8 53. Kd4 h5 54. Kxc4 h4 55. b4 h3 56. Ra2 Kg5 57. b5 Kf4 58. b6 1-0

[Event "World Rapid 2015"]
[Site "Berlin GER"]
[Date "2015.10.12"]
[Round "12.77"]
[White "Thiede, Lars"]
[Black "Valdes Romero, Leonardo"]
[Result "1-0"]
[WhiteElo "2437"]
[BlackElo "2362"]
[PlyCount "95"]
[EventDate "2015.10.10"]
[EventType "rapid"]

1. c4 Nf6 2. Nf3 g6 3. g3 Bg7 4. Bg2 O-O 5. O-O d6 6. Nc3 c6 7. d3 e5 8. Rb1 a5
9. a3 h6 10. b4 axb4 11. axb4 Re8 12. Qc2 Be6 13. Bb2 Nbd7 14. e4 Qc7 15. Ra1
d5 16. exd5 cxd5 17. Nb5 Qb6 18. Nxe5 Nxe5 19. Rxa8 Rxa8 20. Bd4 Qa6 21. Bxe5
dxc4 22. dxc4 Qa4 23. Qc3 Ne8 24. Bxg7 Nxg7 25. Bxb7 Rd8 26. Bg2 Nf5 27. Nc7
Nd4 28. Kh1 Qd7 29. Nxe6 Nxe6 30. h3 h5 31. h4 Rb8 32. b5 Qd6 33. Re1 Qc5 34.
Qe5 Qb6 35. Bd5 Nc7 36. Kg2 Re8 37. Qxe8+ Nxe8 38. Rxe8+ Kg7 39. Re7 Kh6 40.
Rxf7 Qd4 41. Re7 g5 42. Re4 Qd2 43. hxg5+ Kxg5 44. b6 h4 45. Rxh4 Qb2 46. b7
Kg6 47. Rg4+ Kh5 48. Rg8 1-0

[Event "World Rapid 2015"]
[Site "Berlin GER"]
[Date "2015.10.12"]
[Round "12.78"]
[White "Lagunow, Raphael"]
[Black "Richter, Michael"]
[Result "0-1"]
[WhiteElo "2164"]
[BlackElo "2517"]
[PlyCount "66"]
[EventDate "2015.10.10"]
[EventType "rapid"]

1. Nf3 d5 2. g3 Nc6 3. d4 Bg4 4. Bg2 Qd7 5. c4 dxc4 6. d5 Bxf3 7. Bxf3 O-O-O 8.
Nc3 Ne5 9. Bg2 e6 10. f4 Ng4 11. e4 exd5 12. Qxd5 Qxd5 13. Nxd5 Bc5 14. Bh3 h5
15. Ne3 Bxe3 16. Bxe3 Rd3 17. Bd2 N8f6 18. e5 Ne4 19. Bb4 c5 20. Ba3 Re3+ 21.
Kf1 Rd8 22. Re1 Rxe1+ 23. Kxe1 Kc7 24. Bxg4 hxg4 25. Ke2 Kc6 26. Rc1 b5 27. Ke3
f5 28. exf6 Nxf6 29. b3 Nd5+ 30. Ke4 c3 31. Rc2 Re8+ 32. Kf5 Ne3+ 33. Kg6 Nxc2
0-1

[Event "World Rapid 2015"]
[Site "Berlin GER"]
[Date "2015.10.12"]
[Round "12.79"]
[White "Hilverda, Alexander"]
[Black "Zepeda, Lorena"]
[Result "1-0"]
[WhiteElo "2384"]
[BlackElo "2106"]
[PlyCount "85"]
[EventDate "2015.10.10"]
[EventType "rapid"]

1. d4 Nf6 2. c4 g6 3. Nc3 Bg7 4. e4 d6 5. Nf3 O-O 6. Be2 e5 7. O-O Nc6 8. d5
Ne7 9. b4 Nh5 10. Re1 Nf4 11. Bf1 a5 12. bxa5 Rxa5 13. a4 f5 14. g3 Nh5 15.
exf5 gxf5 16. Ng5 Nf6 17. Bb2 h6 18. Ne6 Bxe6 19. dxe6 Qc8 20. Qb3 b6 21. Nb5
Ne4 22. Bg2 Nc5 23. Qc2 Nxe6 24. Bc3 Ra6 25. f4 e4 26. Bxg7 Kxg7 27. Qc3+ Kg8
28. Nd4 Nxd4 29. Qxd4 Qe8 30. g4 Qg6 31. gxf5 Nxf5 32. Qxe4 Nh4 33. Qd5+ Kh8
34. Qd4+ Qg7 35. Qxg7+ Kxg7 36. Bd5 Nf5 37. Kg2 Rf6 38. Re8 Rg6+ 39. Kf2 Nd4
40. Re7+ Kh8 41. Rxc7 Rf6 42. Rg1 Nf5 43. Rg8# 1-0

[Event "World Rapid 2015"]
[Site "Berlin GER"]
[Date "2015.10.12"]
[Round "13.15"]
[White "Fedoseev, Vladimir3"]
[Black "Vidit, Santosh Gujrathi"]
[Result "1-0"]
[WhiteElo "2659"]
[BlackElo "2651"]
[PlyCount "105"]
[EventDate "2015.10.10"]
[EventType "rapid"]

1. e4 e6 2. d4 d5 3. Nd2 c5 4. Ngf3 cxd4 5. exd5 Qxd5 6. Bc4 Qd6 7. O-O Nf6 8.
Nb3 Nc6 9. Nbxd4 Nxd4 10. Nxd4 a6 11. Re1 Qc7 12. Bf1 Be7 13. Qf3 O-O 14. Bf4
Bd6 15. Bxd6 Qxd6 16. Rad1 Qc7 17. Re3 e5 18. Qg3 Ng4 19. Ree1 Qc5 20. Nb3 Qxc2
21. f3 Nf6 22. Qxe5 Be6 23. Nc5 Bd5 24. Nd7 Nxd7 25. Qxd5 Qc5+ 26. Qxc5 Nxc5
27. b4 Na4 28. Rd7 b5 29. Rc1 g6 30. Rc6 Kg7 31. Rdd6 Rfd8 32. Rxa6 Rxd6 33.
Rxa8 Rd1 34. Kf2 Rd2+ 35. Ke3 Rxa2 36. Bxb5 Nc3 37. Bc6 Rxg2 38. Kd3 Rg1 39.
Kxc3 Rc1+ 40. Kd4 Rxc6 41. b5 Rf6 42. Ra3 Kf8 43. Re3 Rf5 44. Kc4 Rf4+ 45. Kc5
Rf5+ 46. Kc6 Rh5 47. Re2 Rf5 48. Rf2 Ke7 49. b6 Rf4 50. Re2+ Kd8 51. Rd2+ Ke7
52. b7 Rb4 53. Rd5 1-0

[Event "World Rapid 2015"]
[Site "Berlin GER"]
[Date "2015.10.12"]
[Round "13.23"]
[White "Matlakov, Maxim"]
[Black "Ponkratov, Pavel"]
[Result "0-1"]
[WhiteElo "2689"]
[BlackElo "2604"]
[PlyCount "122"]
[EventDate "2015.10.10"]
[EventType "rapid"]

1. d4 Nf6 2. c4 e6 3. g3 c5 4. Nf3 cxd4 5. Nxd4 Nc6 6. Bg2 Qb6 7. Nb5 Ne5 8.
Bf4 a6 9. Bxe5 axb5 10. cxb5 Bc5 11. e3 Qxb5 12. Nc3 Qa6 13. Qe2 d6 14. Bxf6
gxf6 15. Qxa6 Rxa6 16. Bf1 Ra5 17. Bb5+ Ke7 18. Kd2 d5 19. a4 d4 20. exd4 Bxd4
21. Ke2 Rd8 22. Rac1 Bd7 23. b4 Bxb5+ 24. Nxb5 Rxa4 25. Rc7+ Kf8 26. Nxd4 Rxd4
27. Rxb7 Ra2+ 28. Kf3 Rdd2 29. Rf1 Rdb2 30. b5 f5 31. b6 Kg7 32. Rb8 h6 33. b7
h5 34. Ra8 Rb3+ 35. Kg2 Rab2 36. b8=Q Rxb8 37. Rxb8 Rxb8 38. Ra1 Rb4 39. h4 f4
40. Ra5 f5 41. Ra8 fxg3 42. Kxg3 Rg4+ 43. Kh3 Rg6 44. Ra7+ Kf6 45. Rh7 Ke5 46.
Rxh5 Kf4 47. Rh8 Kf3 48. Re8 Rh6 49. Rg8 Kxf2 50. Rg5 Kf3 51. h5 Kf4 52. Kh4
Rh8 53. Rg6 e5 54. h6 e4 55. Re6 e3 56. Kh5 Kf3 57. Kg5 f4 58. Rf6 e2 59. Re6
Rg8+ 60. Kf5 Rf8+ 61. Kg5 Kf2 0-1

[Event "World Rapid 2015"]
[Site "Berlin GER"]
[Date "2015.10.12"]
[Round "13.24"]
[White "Salem, A.R. Saleh"]
[Black "Moiseenko, Alexander"]
[Result "1-0"]
[WhiteElo "2624"]
[BlackElo "2692"]
[PlyCount "135"]
[EventDate "2015.10.10"]
[EventType "rapid"]

1. d4 Nf6 2. c4 e6 3. Nf3 Bb4+ 4. Nbd2 b6 5. a3 Bxd2+ 6. Qxd2 Bb7 7. e3 O-O 8.
Be2 d6 9. O-O a5 10. b3 Nbd7 11. Bb2 Qe7 12. Rfd1 Rfd8 13. Qc2 c5 14. a4 Nb8
15. d5 Na6 16. Ng5 e5 17. Rac1 Nb4 18. Qb1 h6 19. Nf3 Bc8 20. Nd2 Rf8 21. Rf1
Bg4 22. f3 Bh5 23. e4 Bg6 24. Rce1 Nh5 25. Rf2 f5 26. exf5 Bxf5 27. Ne4 Nf6 28.
Nxf6+ Rxf6 29. Qc1 Nc2 30. Ref1 Nd4 31. Bd1 g5 32. Qe3 Qf7 33. h4 Qg7 34. hxg5
hxg5 35. Bc1 Rg6 36. g4 Bb1 37. Rh2 Rf8 38. Rh5 Bc2 39. Bxc2 Nxc2 40. Qd3 Nd4
41. Kg2 Rff6 42. Be3 Rh6 43. Rxg5 Rfg6 44. Rxg6 Qxg6 45. Qxg6+ Rxg6 46. Kf2 Rf6
47. Bxd4 cxd4 48. Re1 Rh6 49. Kg3 Kf7 50. Rb1 Rh8 51. Re1 Kf6 52. f4 Rh7 53.
Kf3 Rh4 54. Re2 Rh3+ 55. Ke4 exf4 56. Kxf4 Rxb3 57. Re6+ Kf7 58. Rxd6 Rb4 59.
Rc6 Rxa4 60. Ke4 Rb4 61. g5 a4 62. Rc7+ Ke8 63. g6 Rb1 64. Rc8+ Kd7 65. g7 Kxc8
66. g8=Q+ Kb7 67. Kxd4 a3 68. Qh7+ 1-0

[Event "World Rapid 2015"]
[Site "Berlin GER"]
[Date "2015.10.12"]
[Round "13.25"]
[White "Akopian, Vladimir"]
[Black "Bogdanovich, Stanislav"]
[Result "1-0"]
[WhiteElo "2648"]
[BlackElo "2590"]
[PlyCount "61"]
[EventDate "2015.10.10"]
[EventType "rapid"]

1. e4 c5 2. Nf3 Nc6 3. Bb5 e6 4. O-O Nge7 5. b3 a6 6. Bxc6 Nxc6 7. Bb2 b6 8. c4
Bb7 9. Re1 Rc8 10. d4 cxd4 11. Nxd4 Qf6 12. Re2 Qg6 13. Nf5 Qg5 14. Nd6+ Bxd6
15. Qxd6 f6 16. Nc3 Ne5 17. Nd5 exd5 18. exd5 Kf7 19. Bxe5 Rhe8 20. Qxd7+ Kg6
21. f4 Qf5 22. Qxb7 fxe5 23. Qxb6+ Kh5 24. fxe5 Rxe5 25. Rf1 Qg5 26. Rxe5 Qxe5
27. Qf2 Re8 28. Qf5+ Qxf5 29. Rxf5+ Kg6 30. Rf1 Re2 31. d6 1-0

[Event "World Rapid 2015"]
[Site "Berlin GER"]
[Date "2015.10.12"]
[Round "13.28"]
[White "Almasi, Zoltan"]
[Black "Zvjaginsev, Vadim"]
[Result "1/2-1/2"]
[WhiteElo "2689"]
[BlackElo "2660"]
[PlyCount "111"]
[EventDate "2015.10.10"]
[EventType "rapid"]

1. e4 e6 2. d4 d5 3. Nc3 Nf6 4. e5 Nfd7 5. f4 c5 6. Nf3 Nc6 7. Be3 a6 8. Qd2
Qc7 9. Be2 cxd4 10. Nxd4 Nxd4 11. Bxd4 Bc5 12. O-O-O O-O 13. Bxc5 Qxc5 14. Bd3
b5 15. Rhe1 b4 16. Na4 Qa5 17. b3 Nc5 18. Nxc5 Qxc5 19. Qe3 Qxe3+ 20. Rxe3 a5
21. Kb2 Ba6 22. a3 Bxd3 23. Rexd3 Rfc8 24. axb4 axb4 25. Rd4 Rab8 26. Ra1 Rb7
27. Ra4 Rbc7 28. Rd2 Rb7 29. Rd4 Rbc7 30. Rd2 Rb7 31. g4 h5 32. gxh5 Kh7 33.
Rd4 Rbc7 34. Rd2 Rb7 35. Rd4 Rbc7 36. Rd2 Rb7 37. Ra6 Rc3 38. Ra4 Rh3 39. Kb1
Rxh5 40. Rd4 Rxh2 41. Raxb4 Rc7 42. c4 dxc4 43. Rbxc4 Rb7 44. Rb4 Re7 45. Rbc4
Rb7 46. Rb4 Rxb4 47. Rxb4 Rh4 48. Rc4 Kg6 49. f5+ Kg5 50. Rxh4 Kxh4 51. fxe6
fxe6 52. b4 g5 53. b5 g4 54. b6 g3 55. b7 g2 56. b8=Q 1/2-1/2

[Event "World Rapid 2015"]
[Site "Berlin GER"]
[Date "2015.10.12"]
[Round "13.29"]
[White "Meier, Georg"]
[Black "Kravtsiv, Martyn"]
[Result "1/2-1/2"]
[WhiteElo "2654"]
[BlackElo "2621"]
[PlyCount "164"]
[EventDate "2015.10.10"]
[EventType "rapid"]

1. Nf3 Nf6 2. g3 d5 3. Bg2 e6 4. O-O Be7 5. c4 O-O 6. d4 dxc4 7. Qc2 a6 8. a4
Bd7 9. Qxc4 Bc6 10. Bg5 Bd5 11. Qc2 Be4 12. Qc1 h6 13. Bxf6 Bxf6 14. Rd1 a5 15.
Nbd2 Bxf3 16. Bxf3 c6 17. e3 Na6 18. Nc4 Nb4 19. Qd2 Qc7 20. Qe2 Rfd8 21. Bg2
Rab8 22. Qh5 Ra8 23. h4 Be7 24. Rac1 Bf8 25. Be4 Na2 26. Rc2 Nb4 27. Rcd2 Nd5
28. Qf3 Nb6 29. b3 Nd5 30. Bc2 Bb4 31. Rd3 b5 32. Ne5 Bd6 33. Ng4 h5 34. Nh2 g6
35. Nf1 Rac8 36. Nd2 Nb4 37. Rc3 Nd5 38. Rd3 c5 39. dxc5 Bxc5 40. axb5 Bxe3 41.
Nc4 Bc5 42. R3d2 Rb8 43. Be4 Bb4 44. Rd4 Rxb5 45. Bxd5 Rbxd5 46. Rxd5 exd5 47.
Rxd5 Re8 48. Rb5 Rb8 49. Rxb8+ Qxb8 50. Qd5 Qe8 51. Kg2 Be1 52. Ne5 Kg7 53. Qd4
Kg8 54. Kf1 Bb4 55. Qd5 Kg7 56. Kg2 Bc3 57. Nc4 Qe7 58. Nd6 Bb4 59. Ne4 Kg8 60.
Kf1 Kg7 61. Qd4+ f6 62. Ke2 Bc3 63. Qc4 Bb4 64. Qd4 Bc5 65. Qc4 f5 66. Qxc5
Qxe4+ 67. Kd2 Qe6 68. Kc3 Qe1+ 69. Kb2 Qd2+ 70. Qc2 Qd5 71. Qc3+ Kf7 72. Ka3
Qb5 73. Qd4 Ke6 74. f4 Kf7 75. Qc3 Ke6 76. Qe3+ Kd7 77. Ka2 Qb4 78. Qa7+ Kc6
79. Qa6+ Kd5 80. Qxg6 Qd2+ 81. Ka3 Qb4+ 82. Ka2 Qd2+ 1/2-1/2

[Event "World Rapid 2015"]
[Site "Berlin GER"]
[Date "2015.10.12"]
[Round "13.30"]
[White "Vallejo Pons, Francisco"]
[Black "Huzman, Alexander"]
[Result "1/2-1/2"]
[WhiteElo "2684"]
[BlackElo "2580"]
[PlyCount "81"]
[EventDate "2015.10.10"]
[EventType "rapid"]

1. e4 e6 2. d4 d5 3. Nc3 dxe4 4. Nxe4 Nd7 5. Nf3 Ngf6 6. Nxf6+ Nxf6 7. g3 c5 8.
Bg2 cxd4 9. Qxd4 Qxd4 10. Nxd4 Bc5 11. Nb3 Bb6 12. a4 a5 13. Nd2 Nd5 14. Nc4
Bc7 15. b3 Bd7 16. Bb2 f6 17. O-O-O Bc6 18. Na3 Bb6 19. Rd2 O-O-O 20. Nc4 Bc7
21. Rhd1 Kb8 22. f4 Ne7 23. Bh3 Nf5 24. Bc3 b6 25. Re1 Rxd2 26. Bxd2 Re8 27.
Bc3 h5 28. Kb2 h4 29. gxh4 Nxh4 30. Rxe6 Rxe6 31. Bxe6 Kb7 32. Bd2 Ng2 33. f5
Bxh2 34. b4 axb4 35. Bxb4 Bxa4 36. Bf8 b5 37. Nd6+ Bxd6 38. Bxd6 Ne3 39. Bf8
Bxc2 40. Bxg7 Bxf5 41. Bxf5 1/2-1/2

[Event "World Rapid 2015"]
[Site "Berlin GER"]
[Date "2015.10.12"]
[Round "13.31"]
[White "Bruzon Batista, Lazaro"]
[Black "Sasikiran, Krishnan"]
[Result "1/2-1/2"]
[WhiteElo "2659"]
[BlackElo "2639"]
[PlyCount "91"]
[EventDate "2015.10.10"]
[EventType "rapid"]

1. c4 e6 2. d4 f5 3. Nf3 Nf6 4. Bf4 b6 5. e3 Bb7 6. Be2 Bb4+ 7. Nbd2 O-O 8. O-O
Nc6 9. Rc1 Ne7 10. a3 Bd6 11. Ne5 Ng6 12. Nxg6 hxg6 13. Bxd6 cxd6 14. c5 dxc5
15. dxc5 g5 16. h3 Rc8 17. cxb6 axb6 18. Qb3 Rb8 19. Qb4 Qe8 20. Qd6 g4 21.
hxg4 fxg4 22. Qe5 Qg6 23. Rc7 Bc6 24. Rc1 Nd5 25. R7xc6 dxc6 26. Rxc6 Rbe8 27.
Qxd5 Qf6 28. Ne4 exd5 29. Nxf6+ Rxf6 30. Rxf6 gxf6 31. Bxg4 Rd8 32. a4 d4 33.
Be6+ Kf8 34. exd4 Rxd4 35. b3 Ke7 36. Bc4 Kd6 37. g3 Ke5 38. Kg2 Rd2 39. Kf3
Kd4 40. g4 Rb2 41. Kg3 Ke5 42. f3 Rc2 43. Bg8 Rc3 44. Bf7 Rd3 45. Bc4 Rc3 46.
Bf7 1/2-1/2

[Event "World Rapid 2015"]
[Site "Berlin GER"]
[Date "2015.10.12"]
[Round "13.33"]
[White "Jumabayev, Rinat"]
[Black "Vitiugov, Nikita"]
[Result "0-1"]
[WhiteElo "2606"]
[BlackElo "2725"]
[PlyCount "98"]
[EventDate "2015.10.10"]
[EventType "rapid"]

1. d4 d5 2. c4 c6 3. Nf3 Nf6 4. Qb3 dxc4 5. Qxc4 Bg4 6. Bf4 Bxf3 7. gxf3 Nbd7
8. e4 e5 9. dxe5 Nh5 10. Bd2 Nxe5 11. Qc3 Qf6 12. Be2 Nf4 13. Bxf4 Qxf4 14. Nd2
Be7 15. Qe3 Bg5 16. Qxf4 Bxf4 17. Nf1 Rd8 18. Ne3 Ke7 19. Ng2 Bd2+ 20. Kf1 Ng6
21. Rd1 Bf4 22. Ne3 Rxd1+ 23. Bxd1 Rd8 24. Ke1 Bc7 25. Bb3 Nf4 26. Kf1 g6 27.
Rg1 h5 28. Rg5 Bb6 29. Nc4 Bxf2 30. Re5+ Kf6 31. Ra5 Bb6 32. Ra4 Rd3 33. e5+
Kg7 34. Nxb6 Rxf3+ 35. Ke1 axb6 36. Ra7 Nd3+ 37. Ke2 Nxe5 38. Rxb7 Rh3 39. Rxb6
Rxh2+ 40. Ke3 Rxb2 41. Kd4 Kf6 42. a4 h4 43. Kc3 Rb1 44. Kc2 Ra1 45. Rb4 g5 46.
Rb8 h3 47. Rh8 g4 48. Kb2 Rh1 49. a5 g3 0-1

[Event "World Rapid 2015"]
[Site "Berlin GER"]
[Date "2015.10.12"]
[Round "13.34"]
[White "Nikolic, Predrag"]
[Black "Khairullin, Ildar"]
[Result "1/2-1/2"]
[WhiteElo "2603"]
[BlackElo "2652"]
[PlyCount "74"]
[EventDate "2015.10.10"]
[EventType "rapid"]

1. d4 Nf6 2. c4 g6 3. Nf3 Bg7 4. g3 c6 5. Bg2 d5 6. Nbd2 O-O 7. O-O Bf5 8. b3
Ne4 9. Bb2 Nd7 10. e3 Ndf6 11. Ne5 a5 12. Nxe4 Bxe4 13. Qe2 Bxg2 14. Kxg2 e6
15. Rac1 Ne4 16. Rfd1 Re8 17. Nd3 Nd6 18. a4 dxc4 19. bxc4 Nxc4 20. Nc5 b5 21.
Bc3 Qe7 22. Qf3 Rec8 23. Rb1 b4 24. Ba1 Nb6 25. Rbc1 Ra7 26. e4 Qd8 27. Qe3
Rac7 28. Na6 Ra7 29. Nc5 Rac7 30. Na6 Re7 31. Nc5 Nd7 32. Nb3 Re8 33. Rc2 Nb6
34. Nc5 Nd7 35. Nb3 Nb6 36. Nc5 Nd7 37. Nb3 Nb6 1/2-1/2

[Event "World Rapid 2015"]
[Site "Berlin GER"]
[Date "2015.10.12"]
[Round "13.35"]
[White "Hjartarson, Johann"]
[Black "Onischuk, Alexander"]
[Result "0-1"]
[WhiteElo "2529"]
[BlackElo "2662"]
[PlyCount "76"]
[EventDate "2015.10.10"]
[EventType "rapid"]

1. c4 f5 2. Nf3 Nf6 3. g3 g6 4. Bg2 Bg7 5. O-O O-O 6. d4 d6 7. Nc3 Qe8 8. d5
Na6 9. Nd4 Nc5 10. b4 Nfe4 11. Nxe4 Nxe4 12. Bb2 c5 13. dxc6 bxc6 14. Rb1 Bd7
15. Qc2 Rb8 16. b5 cxb5 17. cxb5 Rc8 18. Qb3+ Qf7 19. Qxf7+ Kxf7 20. Bxe4 fxe4
21. Rfd1 Rc4 22. e3 Rfc8 23. Ba1 Bg4 24. Re1 Bxd4 25. Bxd4 Ra4 26. a3 e5 27.
Ba1 Rxa3 28. b6 axb6 29. Rxb6 Ke6 30. Bb2 Ra2 31. h3 Bf3 32. g4 Rc2 33. Rb1 g5
34. Rb3 Be2 35. Rb8 Bd3 36. Bxe5 Kxe5 37. Re8+ Kd5 38. Rf8 Rxf2 0-1

[Event "World Rapid 2015"]
[Site "Berlin GER"]
[Date "2015.10.12"]
[Round "13.36"]
[White "Kunin, Vitaly"]
[Black "Nguyen, Ngoc Truong Son"]
[Result "0-1"]
[WhiteElo "2556"]
[BlackElo "2634"]
[PlyCount "104"]
[EventDate "2015.10.10"]
[EventType "rapid"]

1. d4 Nf6 2. Nf3 g6 3. g3 Bg7 4. Bg2 O-O 5. O-O d5 6. c4 c6 7. cxd5 cxd5 8. Nc3
Ne4 9. Ne5 Bf5 10. Nxe4 Bxe4 11. Bf4 Bxg2 12. Kxg2 Qb6 13. Qd2 Bxe5 14. dxe5
Qe6 15. Rfd1 Rd8 16. Qb4 Rd7 17. e4 d4 18. Qb3 Qxb3 19. axb3 Nc6 20. h4 h5 21.
g4 hxg4 22. h5 g5 23. Bxg5 Nxe5 24. Bf4 Nc6 25. Kg3 Kh7 26. Kxg4 Rg8+ 27. Kf3
d3 28. Ke3 Rgd8 29. Ra4 d2 30. Ke2 Nd4+ 31. Kf1 Nxb3 32. Rxa7 Rc8 33. Be3 Rc1
34. Ke2 Rdc7 35. Ra3 Rxd1 36. Rxb3 Rh1 37. Kxd2 Rxh5 38. Rb6 f6 39. Kd3 Kg6 40.
b4 Kf7 41. Bc5 Rd7+ 42. Ke3 Rh3+ 43. f3 Rh1 44. Rb5 Rh2 45. Ra5 e5 46. Ra1 Rb2
47. Rh1 Ke6 48. Rh8 b6 49. Bxb6 Rbd2 50. Re8+ Kf7 51. Rd8 Rxd8 52. Bxd8 Rxd8
0-1

[Event "World Rapid 2015"]
[Site "Berlin GER"]
[Date "2015.10.12"]
[Round "13.38"]
[White "Ragger, Markus"]
[Black "Anton Guijarro, David"]
[Result "1-0"]
[WhiteElo "2698"]
[BlackElo "2634"]
[PlyCount "97"]
[EventDate "2015.10.10"]
[EventType "rapid"]

1. d4 Nf6 2. c4 e6 3. Nf3 b6 4. g3 Bb7 5. Bg2 Be7 6. O-O O-O 7. Nc3 Ne4 8. Nxe4
Bxe4 9. Nh4 Bxg2 10. Nxg2 d5 11. Qa4 c6 12. Bf4 Qd7 13. Rac1 Rd8 14. cxd5 cxd5
15. Qxd7 Nxd7 16. Rc7 Kf8 17. Rfc1 Nf6 18. Ne1 Ne8 19. R7c6 Bd6 20. Nd3 Ke7 21.
a4 f6 22. b4 g5 23. Bd2 Kd7 24. b5 Rdc8 25. f3 Rxc6 26. bxc6+ Kc7 27. e4 dxe4
28. fxe4 Rd8 29. Be3 Be7 30. Kg2 Nd6 31. Kf3 f5 32. e5 Ne4 33. g4 h5 34. h3
hxg4+ 35. hxg4 Rh8 36. gxf5 exf5 37. d5 Rh3+ 38. Ke2 f4 39. d6+ Nxd6 40. exd6+
Bxd6 41. Bd4 g4 42. Nf2 Ra3 43. Nxg4 Rxa4 44. Kd3 Ra5 45. Ke4 Bc5 46. Bc3 Ra4+
47. Kd5 f3 48. Be5+ Kd8 49. Rh1 1-0

[Event "World Rapid 2015"]
[Site "Berlin GER"]
[Date "2015.10.12"]
[Round "13.39"]
[White "Mikhalevski, Victor"]
[Black "Seirawan, Yasser"]
[Result "0-1"]
[WhiteElo "2536"]
[BlackElo "2620"]
[PlyCount "102"]
[EventDate "2015.10.10"]
[EventType "rapid"]

1. Nf3 Nf6 2. g3 d5 3. Bg2 c6 4. c4 g6 5. b3 Bg7 6. Bb2 O-O 7. O-O Bg4 8. d3
Bxf3 9. Bxf3 e6 10. Nd2 a5 11. Rc1 Qe7 12. a3 Nbd7 13. Rc2 Rfd8 14. Qa1 Ne8 15.
d4 f5 16. Bg2 Nd6 17. Nf3 a4 18. c5 Nb5 19. b4 Re8 20. Ne5 Bxe5 21. dxe5 g5 22.
f4 gxf4 23. gxf4 Kh8 24. Qe1 Rg8 25. Kh1 Rg7 26. Bf3 Rag8 27. e3 Nf8 28. Rg2
Rxg2 29. Bxg2 Ng6 30. Bf3 d4 31. Rg1 Qh4 32. Bc1 Qxe1 33. Rxe1 dxe3 34. Bxe3
Nxa3 35. Bd1 Ra8 36. Re2 Nb5 37. Rd2 Ne7 38. Rd7 Nd5 39. Bf2 Nbc3 40. Bc2 a3
41. Bb3 a2 42. Bxa2 Rxa2 43. Bh4 Ne4 44. Rxb7 Rb2 45. Rb8+ Kg7 46. Rc8 Nxf4 47.
h3 Ng6 48. Bf6+ Kh6 49. h4 f4 50. Rxc6 f3 51. Rc7 Ng3+ 0-1

[Event "World Rapid 2015"]
[Site "Berlin GER"]
[Date "2015.10.12"]
[Round "13.40"]
[White "Bezold, Michael"]
[Black "Socko, Bartosz"]
[Result "1/2-1/2"]
[WhiteElo "2509"]
[BlackElo "2599"]
[PlyCount "106"]
[EventDate "2015.10.10"]
[EventType "rapid"]

1. c4 Nf6 2. Nf3 g6 3. g3 Bg7 4. Bg2 O-O 5. O-O d6 6. Nc3 a6 7. d3 c6 8. Rb1 e5
9. c5 Re8 10. cxd6 Qxd6 11. b4 Nbd7 12. Nd2 Nb6 13. Nde4 Nxe4 14. Nxe4 Qc7 15.
Qc2 Nd5 16. Bd2 Bg4 17. Rfe1 Rad8 18. h3 Bc8 19. Rec1 f5 20. Nc5 Qe7 21. a4 Kh8
22. b5 axb5 23. axb5 b6 24. Na4 cxb5 25. Rxb5 e4 26. Nxb6 Nxb6 27. Rxb6 exd3
28. exd3 Bd4 29. Bc3 Qg7 30. Bxd4 Qxd4 31. Qc3 Qxc3 32. Rxc3 Re1+ 33. Kh2 Be6
34. Bf3 Rd7 35. Kg2 Kg7 36. Rb7 Rxb7 37. Bxb7 Rb1 38. Bf3 h6 39. d4 Kf6 40. Rc6
Kf7 41. Rc7+ Kf6 42. Rc6 Kf7 43. Rc7+ Kf6 44. d5 Bf7 45. Rc6+ Ke5 46. d6 Rb2
47. d7 Rd2 48. Rc7 Be6 49. Bc6 Kf6 50. Kf3 Ke7 51. Ke3 Rd6 52. Kf4 Kf6 53. Ke3
Ke7 1/2-1/2

[Event "World Rapid 2015"]
[Site "Berlin GER"]
[Date "2015.10.12"]
[Round "13.41"]
[White "Al-Sayed, Mohammed"]
[Black "Van Wely, Loek"]
[Result "1/2-1/2"]
[WhiteElo "2520"]
[BlackElo "2632"]
[PlyCount "108"]
[EventDate "2015.10.10"]
[EventType "rapid"]

1. Nf3 Nf6 2. c4 c6 3. g3 d5 4. Bg2 Bf5 5. Qb3 Qb6 6. d3 e6 7. Nc3 Nbd7 8. Be3
Bc5 9. Bxc5 Nxc5 10. Qa3 a5 11. cxd5 exd5 12. Rc1 Qb4 13. Qxb4 axb4 14. Nxd5
Nxd3+ 15. exd3 Nxd5 16. Nd4 Be6 17. Nxe6 fxe6 18. Ra1 Kd7 19. Kd2 Ra5 20. Kc2
Rf8 21. Rhf1 g5 22. Kb3 c5 23. Rae1 Kd6 24. Re2 Rf6 25. Bxd5 exd5 26. f4 Ra8
27. f5 h5 28. h3 g4 29. hxg4 Rg8 30. d4 c4+ 31. Kxb4 Rxg4 32. Rfe1 Rxd4 33.
Re6+ Rxe6 34. Rxe6+ Kd7 35. Rh6 Rd2 36. Kc5 Rxb2 37. Rh7+ Ke8 38. Kxd5 c3 39.
Rc7 c2 40. a4 Kd8 41. Rc3 Ke7 42. Ke5 Ra2 43. f6+ Kf7 44. Kf5 Rxa4 45. Rc7+ Kf8
46. Rxc2 Rg4 47. Ke6 Re4+ 48. Kf5 Rg4 49. Rc3 b5 50. Ra3 b4 51. Rd3 Kf7 52.
Rd7+ Kf8 53. Ke6 Re4+ 54. Kf5 Rg4 1/2-1/2

[Event "World Rapid 2015"]
[Site "Berlin GER"]
[Date "2015.10.12"]
[Round "13.42"]
[White "Hirneise, Tobias"]
[Black "Belov, Vladimir"]
[Result "1/2-1/2"]
[WhiteElo "2457"]
[BlackElo "2614"]
[PlyCount "91"]
[EventDate "2015.10.10"]
[EventType "rapid"]

1. e4 c5 2. Nf3 d6 3. d4 cxd4 4. Nxd4 Nf6 5. Nc3 a6 6. Be3 e6 7. Be2 Be7 8. f4
Nc6 9. Qd2 O-O 10. O-O-O Nd7 11. g4 Nxd4 12. Bxd4 b5 13. a3 Bb7 14. g5 e5 15.
Be3 exf4 16. Bxf4 Ne5 17. h4 Rc8 18. Nd5 Rc5 19. Kb1 Bxd5 20. exd5 Nc4 21. Qd4
Re8 22. Bf3 Bf8 23. h5 Ne5 24. Be2 Qc8 25. Bd3 Nxd3 26. Qxd3 Rc4 27. Bc1 Rg4
28. Rdf1 Re5 29. g6 f5 30. gxh7+ Kxh7 31. Rhg1 Qc4 32. Qxc4 Rxc4 33. Rg5 Rxd5
34. Rgxf5 Rxf5 35. Rxf5 Kg8 36. b3 Rc5 37. Rxc5 dxc5 38. c4 bxc4 39. bxc4 g6
40. hxg6 Kg7 41. Kc2 Kxg6 42. Kb3 Kf5 43. Ka4 Ke4 44. Ka5 Kd4 45. Kxa6 Kxc4 46.
Be3 1/2-1/2

[Event "World Rapid 2015"]
[Site "Berlin GER"]
[Date "2015.10.12"]
[Round "13.43"]
[White "Agdestein, Simen"]
[Black "Romanov, Evgeny"]
[Result "1-0"]
[WhiteElo "2606"]
[BlackElo "2573"]
[PlyCount "79"]
[EventDate "2015.10.10"]
[EventType "rapid"]

1. c4 e5 2. g3 c6 3. d4 exd4 4. Qxd4 d5 5. cxd5 cxd5 6. Bg2 Nf6 7. Nf3 Nc6 8.
Qa4 Bc5 9. O-O O-O 10. Bg5 Re8 11. Qb5 Bb6 12. Nc3 d4 13. Bxf6 Qxf6 14. Nd5 Qf5
15. a4 d3 16. exd3 Bd8 17. Nd4 Qd7 18. Rfe1 Rxe1+ 19. Rxe1 a6 20. Qc5 Nxd4 21.
Qxd4 h6 22. Qe5 Qe6 23. Qc3 Qd7 24. a5 Qb5 25. Re5 Bxa5 26. b4 Bd8 27. Nc7 Bxc7
28. Rxb5 axb5 29. h4 Bd6 30. Bd5 Be6 31. Bxe6 fxe6 32. Qd4 Bf8 33. Qe4 Ra6 34.
Qxb7 Ra1+ 35. Kg2 Bxb4 36. Qxb5 Bf8 37. Qe8 Ra6 38. g4 Rd6 39. g5 Rxd3 40. g6
1-0